Statistics for Halifax Stanfield International Airport Destinations (Halifax, Canada)

Click here to take the quiz!

General Stats

  • This quiz has been taken 20 times
  • The average score is 22 of 36

Answer Stats

AirlineDestination% Correct
Air Canada/Flair Airlines/Porter AirlinesMontreal (Trudeau)
100%
Air Canada/WestJetVancouver
100%
Air Canada Express/American EagleBoston
92%
Air Canada/WestJetCalgary
92%
Flair AirlinesQuebec City
92%
Air Canada Express/Porter AirlinesSt. John's
92%
WestJetEdmonton
83%
Porter AirlinesToronto (Billy Bishop)
83%
Air Canada/Flair Airlines/Lynx Air/Porter Airlines/Swoop/WestJetToronto (Pearson)
83%
Air Canada Rouge/Air Transat/Sunwing AirlinesCancun
75%
SwoopHamilton (ON)
75%
Air CanadaLondon (Heathrow)
75%
Flair AirlinesLondon (ON)
75%
Air Canada ExpressNewark
75%
Air Canada Rouge/Air TransatOrlando
75%
Air Canada Express/Flair Airlines/Porter AirlinesOttawa
75%
American AirlinesPhiladelphia
75%
American EagleWashington (National)
75%
Air Saint-PierreSaint-Pierre
67%
WestJetWinnipeg
67%
Air Canada ExpressGander
58%
Condor/Eurowings DiscoverFrankfurt
50%
Air Canada Rouge/Air Transat/Sunwing AirlinesPunta Cana
50%
Air Canada RougeTampa
50%
Flair AirlinesWindsor
50%
Air Transat/Sunwing AirlinesCayo Coco
42%
Air Transat/Sunwing AirlinesMontego Bay
42%
Air Transat/Sunwing AirlinesVaradero
42%
Air Canada ExpressDeer Lake
33%
Air TransatFort Lauderdale
33%
Air Transat/Sunwing AirlinesHolguin
33%
Flair AirlinesKitchener/Waterloo
33%
Air Transat/Sunwing AirlinesSanta Clara
33%
Air Canada ExpressGoose Bay
17%
Air Transat/Sunwing AirlinesPuerto Plata
17%
Sunwing AirlinesCayo Largo del Sur
8%

Score Distribution

Percentile by Number Answered

Percent of People with Each Score

Your Score History

You have not taken this quiz